[Event "Oberliga Nord N 1819"]
[Site "Germany"]
[Date "2019.02.24"]
[Round "7.4"]
[White "Bracker, Arne"]
[Black "Schmidt, Jan Peter"]
[Result "0-1"]
[WhiteElo "2200"]
[BlackElo "2238"]
[PlyCount "92"]
[EventDate "2018.10.21"]
[EventType "team-tourn"]
[EventRounds "9"]
[EventCountry "GER"]
[SourceTitle "EXT 2020"]
[Source "ChessBase"]
[SourceDate "2019.10.17"]
[SourceVersion "1"]
[SourceVersionDate "2019.10.17"]
[SourceQuality "1"]
[WhiteTeam "Hamburger SK III"]
[BlackTeam "Hamburg Koenigsspringer"]
[WhiteTeamCountry "GER"]
[BlackTeamCountry "GER"]

1. e4 d6 2. d4 Nf6 3. Nc3 g6 4. Nf3 Bg7 5. Be3 0-0 6. Qd2 Bg4 7. Bh6 Nc6 8. 0-0-0 e5 9. dxe5 dxe5 10. Qe3 Qc8 11. Be2 Bxf3 12. Bxf3 Nd4 13. h4 Bxh6 14. Qxh6 Qe6 15. Kb1 Rad8 16. Rdg1 c6 17. Bd1 Ng4 18. Bxg4 Qxg4 19. h5 Qf4 20. hxg6 Qxh6 21. Rxh6 hxg6 22. Rgh1 Kg7 23. Rh7+ Kf6 24. Nd1 Ne6 25. f3 Ng5 26. R7h2 Rd2 27. Kc1 Rfd8 28. Ne3 Re2 29. Ng4+ Ke6 30. Rd1 Rd4 31. Rxd4 exd4 32. Kd1 d3 33. cxd3 Rxb2 34. f4 f5 35. exf5+ gxf5 36. Rh6+ Ke7 37. Ne3 Nf7 38. Nxf5+ Ke8 39. Rg6 Rxa2 40. Ke1 a5 41. g4 a4 42. Rg8+ Kd7 43. g5 Nd8 44. Ne3 a3 45. Kd1 Rf2 46. Nc2 a2 0-1

[Event "Oberliga Nord N 1819"]
[Site "Germany"]
[Date "2019.02.03"]
[Round "6.3"]
[White "Ramme, Christoph"]
[Black "Schmidt, Jan Peter"]
[Result "0-1"]
[WhiteElo "2154"]
[BlackElo "2238"]
[PlyCount "82"]
[EventDate "2018.10.21"]
[EventType "team-tourn"]
[EventRounds "9"]
[EventCountry "GER"]
[SourceTitle "EXT 2020"]
[Source "ChessBase"]
[SourceDate "2019.10.17"]
[SourceVersion "1"]
[SourceVersionDate "2019.10.17"]
[SourceQuality "1"]
[WhiteTeam "Marmstorf"]
[BlackTeam "Hamburg Koenigsspringer"]
[WhiteTeamCountry "GER"]
[BlackTeamCountry "GER"]

1. d4 d6 2. e4 Nf6 3. Nc3 g6 4. Bg5 Bg7 5. Qd2 0-0 6. 0-0-0 c6 7. h4 b5 8. f3 h5 9. Nh3 Qa5 10. Kb1 Be6 11. d5 Bxh3 12. Rxh3 b4 13. Ne2 cxd5 14. exd5 Nbd7 15. Bh6 Rfc8 16. Bxg7 Kxg7 17. Nf4 Ne5 18. Qd4 Rc5 19. g4 hxg4 20. fxg4 Qa4 21. b3 Qa3 22. g5 Nfd7 23. Nd3 Ra5 24. Nxb4 Rb8 25. Nc6 Qxa2+ 26. Kc1 Rc5 27. Bc4 Qa3+ 28. Kd2 Rxc4 29. bxc4 Qxh3 30. Nxb8 Nxb8 31. c5 Qh2+ 32. Kc1 dxc5 33. Qxc5 Nbd7 34. Qxe7 Qxh4 35. Rf1 Qh3 36. Rd1 Qe3+ 37. Kb1 Qb6+ 38. Kc1 Nc4 39. Re1 Qb2+ 40. Kd1 Qb1+ 41. Ke2 Qxc2+ 0-1

[Event "Oberliga Nord N 1819"]
[Site "Germany"]
[Date "2019.01.20"]
[Round "5.3"]
[White "Schmidt, Jan Peter"]
[Black "Michna, Marta"]
[Result "0-1"]
[WhiteElo "2238"]
[BlackElo "2329"]
[PlyCount "88"]
[EventDate "2018.10.21"]
[EventType "team-tourn"]
[EventRounds "9"]
[EventCountry "GER"]
[SourceTitle "EXT 2020"]
[Source "ChessBase"]
[SourceDate "2019.10.17"]
[SourceVersion "1"]
[SourceVersionDate "2019.10.17"]
[SourceQuality "1"]
[WhiteTeam "Hamburg Koenigsspringer"]
[BlackTeam "Kiel Turm II"]
[WhiteTeamCountry "GER"]
[BlackTeamCountry "GER"]

1. d4 Nf6 2. g3 d6 3. Bg2 g6 4. e4 Bg7 5. Nc3 0-0 6. Nge2 e5 7. h3 c6 8. Be3 Nbd7 9. a4 Re8 10. 0-0 a5 11. g4 h5 12. g5 Nh7 13. h4 f6 14. f4 exf4 15. Nxf4 fxg5 16. Nxg6 Re6 17. e5 Rxg6 18. Qxh5 Ndf8 19. hxg5 dxe5 20. d5 Qe8 21. dxc6 bxc6 22. Ne4 Be6 23. Rf3 Rxg5 24. Qxe8 Rxg2+ 25. Kxg2 Rxe8 26. Bd2 Bd5 27. Re1 Ne6 28. Kf2 Bxe4 29. Rxe4 Neg5 30. Rc4 Nxf3 31. Kxf3 Re6 32. Bxa5 e4+ 33. Ke2 Bxb2 34. Bc7 Nf6 35. a5 Nd5 36. Bb8 Re8 37. Bd6 Ra8 38. Rxc6 Rxa5 39. Rc4 Kf7 40. Bc5 Kf6 41. Bb4 Rb5 42. Bd2 Kf5 43. Rc8 Nf4+ 44. Ke1 Bf6 0-1

[Event "Oberliga Nord N 1718"]
[Site "Germany"]
[Date "2018.02.25"]
[Round "7.3"]
[White "Schmidt, Jan Peter"]
[Black "Reinecker, Kai"]
[Result "0-1"]
[WhiteElo "2229"]
[BlackElo "2249"]
[PlyCount "72"]
[EventDate "2017.10.08"]
[EventType "team-tourn"]
[EventRounds "9"]
[EventCountry "GER"]
[SourceTitle "EXT 2019"]
[Source "ChessBase"]
[SourceDate "2018.10.10"]
[SourceVersion "1"]
[SourceVersionDate "2018.10.10"]
[SourceQuality "1"]
[WhiteTeam "Hamburg Koenigsspringer"]
[BlackTeam "Preetz"]
[WhiteTeamCountry "GER"]
[BlackTeamCountry "GER"]

1. Nf3 d5 2. e3 Nf6 3. c4 e6 4. b3 Be7 5. Bb2 0-0 6. Nc3 b6 7. d4 Bb7 8. Bd3 Nbd7 9. 0-0 Ne4 10. Qc2 Ndf6 11. Ne5 c5 12. Rfd1 cxd4 13. exd4 Nxc3 14. Bxc3 Rc8 15. Qe2 Ne4 16. Bb2 Bb4 17. a3 Bd6 18. b4 Qh4 19. f3 Bxe5 20. dxe5 Ng5 21. Rac1 dxc4 22. Rxc4 Rxc4 23. Bxc4 Qh5 24. Rd7 Bc6 25. Rc7 Nxf3+ 26. gxf3 Bxf3 27. Qd2 h6 28. Bf1 Qg4+ 29. Kf2 Bd5 30. Rc3 Qh4+ 31. Kg1 Rd8 32. Rd3 Rc8 33. Rg3 Qe4 34. Rg2 Qb1 35. Rf2 Qg6+ 36. Bg2 Bxg2 0-1

[Event "Oberliga Nord N 1516"]
[Site "Germany"]
[Date "2015.11.15"]
[Round "3.3"]
[White "Schmidt, Jan Peter"]
[Black "Rittemann, Steffen"]
[Result "1/2-1/2"]
[WhiteElo "2260"]
[BlackElo "2159"]
[PlyCount "117"]
[EventDate "2015.09.20"]
[EventType "team-tourn"]
[EventRounds "9"]
[EventCountry "GER"]
[SourceTitle "CBM 170 Extra"]
[Source "ChessBase"]
[SourceDate "2016.02.25"]
[SourceVersion "1"]
[SourceVersionDate "2016.02.25"]
[SourceQuality "1"]
[WhiteTeam "Hamburg Koenigsspringer"]
[BlackTeam "Schwerin"]
[WhiteTeamCountry "GER"]
[BlackTeamCountry "GER"]

1. Nf3 Nf6 2. c4 g6 3. g3 Bg7 4. Bg2 0-0 5. d4 d6 6. Nc3 Nc6 7. 0-0 e5 8. d5 Ne7 9. e4 h6 10. Ne1 Nd7 11. Nd3 f5 12. f4 Kh7 13. Bd2 c6 14. Kh1 Rb8 15. Rc1 a6 16. b3 c5 17. fxe5 Nxe5 18. Nf4 b5 19. exf5 Bxf5 20. Ne4 bxc4 21. bxc4 Qd7 22. Qc2 Ng8 23. h3 Nf6 24. g4 Nxe4 25. Bxe4 Rb2 26. gxf5 Rxc2 27. Bxc2 Nxc4 28. Ne6 Nxd2 29. Rf2 Nc4 30. Rg1 Ne5 31. fxg6+ Kg8 32. Rxf8+ Bxf8 33. g7 Bxg7 34. Rxg7+ Qxg7 35. Nxg7 Kxg7 36. Kg2 Kf6 37. Kg3 Ng6 38. Kf3 Kg5 39. Ke4 Ne7 40. Bd3 a5 41. Bb5 Kh4 42. Bd7 Kg3 43. Be6 Kf2 44. Kd3 Kf3 45. Kc4 Ke4 46. a4 Ke5 47. Bf7 Ke4 48. Be6 h5 49. h4 Ng6 50. Kb5 Nxh4 51. Kxa5 Kd4 52. Kb6 c4 53. a5 c3 54. a6 c2 55. a7 c1Q 56. a8Q Qc5+ 57. Kb7 Nf3 58. Qh8+ Kc4 59. Qxh5 1/2-1/2

[Event "Oberliga Nord N 1415"]
[Site "Germany"]
[Date "2015.04.12"]
[Round "9.4"]
[White "Ochsner, Bjorn Moller"]
[Black "Schmidt, Jan Peter"]
[Result "1/2-1/2"]
[WhiteElo "2318"]
[BlackElo "2263"]
[PlyCount "116"]
[EventDate "2014.09.21"]
[EventType "team-tourn"]
[EventRounds "9"]
[EventCountry "GER"]
[SourceTitle "EXT 2016"]
[Source "ChessBase"]
[SourceDate "2015.10.08"]
[SourceVersion "1"]
[SourceVersionDate "2015.10.08"]
[SourceQuality "1"]
[WhiteTeam "Preetz"]
[BlackTeam "Hamburg Koenigsspringer"]
[WhiteTeamCountry "GER"]
[BlackTeamCountry "GER"]

1. e4 d6 2. d4 Nf6 3. Nc3 g6 4. Be3 Bg7 5. f3 0-0 6. Qd2 e5 7. d5 c6 8. 0-0-0 cxd5 9. Nxd5 Nxd5 10. Qxd5 Be6 11. Qxb7 Nd7 12. Bb5 Nb6 13. Kb1 Nc4 14. Bxc4 Bxc4 15. Qb4 Qc7 16. b3 Be6 17. Qxd6 Qb7 18. Ne2 Rfc8 19. Nc1 Rc6 20. Qd2 a5 21. Bh6 Bxh6 22. Qxh6 Rac8 23. Rd2 Qc7 24. c4 a4 25. Qe3 Rb8 26. Rb2 a3 27. Rc2 Bxc4 28. Qf2 Qb7 29. Rd1 Rbc8 30. Rdd2 Qb4 31. Qe3 Qb5 32. g3 Kg7 33. f4 Be6 34. Qd3 Bc4 35. Qe3 Be6 36. fxe5 Rxc2 37. Rxc2 Qxe5 38. Nd3 Rc3 39. Qf4 Qxf4 40. Nxf4 Re3 41. Nxe6+ fxe6 42. Kc1 Rxe4 43. Kd2 Kf6 44. Rc7 h5 45. Ra7 h4 46. Ra4 Kf5 47. gxh4 e5 48. Kd3 Re1 49. Rxa3 e4+ 50. Kd2 Rh1 51. Ke3 Re1+ 52. Kf2 Rc1 53. Ra8 Rc2+ 54. Ke3 Rc3+ 55. Ke2 Rc2+ 56. Ke3 Rc3+ 57. Ke2 Rc2+ 58. Ke3 Rc3+ 1/2-1/2

[Event "Oberliga Nord N 1415"]
[Site "Germany"]
[Date "2014.10.19"]
[Round "2.3"]
[White "Schmidt, Jan Peter"]
[Black "Moshtael, Wesal"]
[Result "0-1"]
[WhiteElo "2263"]
[BlackElo "2200"]
[PlyCount "70"]
[EventDate "2014.09.21"]
[EventType "team-tourn"]
[EventRounds "9"]
[EventCountry "GER"]
[SourceTitle "EXT 2016"]
[Source "ChessBase"]
[SourceDate "2015.10.08"]
[SourceVersion "1"]
[SourceVersionDate "2015.10.08"]
[SourceQuality "1"]
[WhiteTeam "Hamburg Koenigsspringer"]
[BlackTeam "Eppendorf Johanneum"]
[WhiteTeamCountry "GER"]
[BlackTeamCountry "GER"]

1. Nf3 Nf6 2. c4 e6 3. g3 b6 4. Bg2 Bb7 5. 0-0 c5 6. b3 Be7 7. Bb2 0-0 8. Nc3 Nc6 9. e3 Rc8 10. d4 cxd4 11. exd4 d5 12. cxd5 Nxd5 13. Nxd5 Qxd5 14. Ne5 Qd6 15. Re1 Na5 16. Bxb7 Nxb7 17. Nc4 Qd8 18. Qf3 Nd6 19. Ne5 Bf6 20. Rac1 Nf5 21. Rxc8 Qxc8 22. Nc6 Qd7 23. Rd1 Rc8 24. Ne5 Qd5 25. Qe2 h6 26. Qh5 Rc7 27. Ng4 Bg5 28. Ne5 Bf6 29. Ng4 Be7 30. Ne5 g6 31. Nxg6 fxg6 32. Qxg6+ Ng7 33. Bc1 Bg5 34. f4 Qf3 35. Rf1 Rxc1 0-1

[Event "Oberliga Nord N 1314"]
[Site "Germany"]
[Date "2014.01.12"]
[Round "8.5"]
[White "Schmidt, Jan Peter"]
[Black "Zimmermann, Martin"]
[Result "0-1"]
[WhiteElo "2267"]
[BlackElo "2235"]
[PlyCount "126"]
[EventDate "2013.10.13"]
[EventType "team-tourn"]
[EventRounds "9"]
[EventCountry "GER"]
[SourceTitle "EXT 2015"]
[Source "ChessBase"]
[SourceDate "2014.11.20"]
[SourceVersion "1"]
[SourceVersionDate "2014.11.20"]
[SourceQuality "1"]
[WhiteTeam "Hamburg Koenigsspringer"]
[BlackTeam "Hamburg SF"]
[WhiteTeamCountry "GER"]
[BlackTeamCountry "GER"]

1. Nf3 d5 2. c4 e6 3. g3 Nf6 4. Bg2 Be7 5. 0-0 0-0 6. b3 c6 7. d4 Nbd7 8. Qc2 Ne4 9. Bb2 f5 10. Ne1 Bg5 11. Nd3 Qf6 12. e3 Qh6 13. Nd2 Nxd2 14. Qxd2 Be7 15. f3 Bd6 16. Qe2 Nf6 17. e4 dxe4 18. fxe4 Ng4 19. Bf3 fxe4 20. Bxe4 Qe3+ 21. Qxe3 Nxe3 22. Rxf8+ Bxf8 23. Ne5 Nf5 24. Rf1 Bd6 25. g4 Nh6 26. Rd1 g6 27. g5 Nf7 28. h4 a5 29. Ng4 Be7 30. a3 Bd7 31. Rf1 Be8 32. Nf6+ Bxf6 33. Rxf6 Bd7 34. d5 Re8 35. dxc6 bxc6 36. Bc3 Nd6 37. Bd3 Nf5 38. Bxf5 exf5 39. Rd6 Re3 40. Bd4 Re7 41. Bf6 Rf7 42. b4 axb4 43. axb4 Be8 44. Rd8 Kf8 45. Rb8 Rd7 46. b5 cxb5 47. cxb5 Rd5 48. b6 Kf7 49. Rb7+ Bd7 50. Rc7 Ke6 51. b7 Rb5 52. Be5 Rb1+ 53. Kf2 Kxe5 54. Rxd7 Kf4 55. Rxh7 Rb2+ 56. Ke1 Kg4 57. Rg7 Kxh4 58. Rxg6 Rxb7 59. Rg8 Kg3 60. Rf8 f4 61. g6 f3 62. Rf6 Kg2 63. Kd2 f2 0-1

[Event "Oberliga Nord N 1314"]
[Site "Germany"]
[Date "2013.11.10"]
[Round "2.4"]
[White "Schmidt, Jan Peter"]
[Black "Jahncke, Giso"]
[Result "1/2-1/2"]
[WhiteElo "2267"]
[BlackElo "2239"]
[PlyCount "136"]
[EventDate "2013.10.13"]
[EventType "team-tourn"]
[EventRounds "9"]
[EventCountry "GER"]
[SourceTitle "EXT 2015"]
[Source "ChessBase"]
[SourceDate "2014.11.20"]
[SourceVersion "1"]
[SourceVersionDate "2014.11.20"]
[SourceQuality "1"]
[WhiteTeam "Hamburg Koenigsspringer"]
[BlackTeam "Preetz"]
[WhiteTeamCountry "GER"]
[BlackTeamCountry "GER"]

1. Nf3 d5 2. b3 Nf6 3. Bb2 e6 4. g3 c5 5. Bg2 Nc6 6. 0-0 Be7 7. e3 0-0 8. c4 b6 9. Nc3 Bb7 10. cxd5 Nxd5 11. Nxd5 Qxd5 12. d4 Qf5 13. Ne5 Nxe5 14. Bxb7 Rad8 15. Qe2 Rd7 16. Bg2 cxd4 17. Bxd4 Ng6 18. Rfd1 Rfd8 19. Bb2 Qa5 20. Rxd7 Rxd7 21. Qc4 Qd2 22. Bd4 Bf6 23. Qc8+ Rd8 24. Qc7 e5 25. Bc3 Qc2 26. Qc4 Qf5 27. Rc1 Rc8 28. Be4 Qg4 29. Qd3 Rd8 30. Qc2 Nf8 31. Bb2 h5 32. Kg2 h4 33. h3 Qd7 34. g4 Ne6 35. Qc6 Qd2 36. Rc2 Qd1 37. Rc1 Qd2 38. Rc2 Qd1 39. Bf3 Qb1 40. a4 Ng5 41. Be2 Ne6 42. b4 Qe1 43. Qc4 Rd2 44. Bc3 Rxc2 45. Bxe1 Rxc4 46. Bxc4 e4 47. Bxe6 fxe6 48. b5 Kf7 49. f3 exf3+ 50. Kxf3 e5 51. Ke4 Ke6 52. Bc3 g5 53. Bb4 Bd8 54. Ba3 Bc7 55. Bb2 Bd6 56. Kd3 Bc5 57. e4 Be7 58. Bc1 Bd8 59. Kc4 Be7 60. Bd2 Bd8 61. Be3 Kd6 62. a5 Ke6 63. axb6 axb6 64. Bd2 Be7 65. Bc1 Bd8 66. Ba3 Bc7 67. Bc1 Bd8 68. Be3 Kd6 1/2-1/2

[Event "Oberliga Nord N 1314"]
[Site "Germany"]
[Date "2013.10.13"]
[Round "1.6"]
[White "Weyrich, Morten"]
[Black "Schmidt, Jan Peter"]
[Result "0-1"]
[WhiteElo "2281"]
[BlackElo "2267"]
[PlyCount "56"]
[EventDate "2013.10.13"]
[EventType "team-tourn"]
[EventRounds "9"]
[EventCountry "GER"]
[SourceTitle "EXT 2015"]
[Source "ChessBase"]
[SourceDate "2014.11.20"]
[SourceVersion "1"]
[SourceVersionDate "2014.11.20"]
[SourceQuality "1"]
[WhiteTeam "Schwerin"]
[BlackTeam "Hamburg Koenigsspringer"]
[WhiteTeamCountry "GER"]
[BlackTeamCountry "GER"]

1. g3 g6 2. Bg2 Bg7 3. c4 c5 4. Nc3 Nc6 5. Nf3 d6 6. 0-0 Bf5 7. h3 e5 8. d3 Nge7 9. Bd2 0-0 10. a3 h6 11. Rb1 a5 12. Nd5 Nxd5 13. cxd5 Ne7 14. Ne1 b5 15. f4 exf4 16. Bxf4 g5 17. Bd2 Bd7 18. e4 Ng6 19. Bc3 f5 20. Qh5 Qe8 21. Nf3 f4 22. g4 b4 23. Bxg7 Kxg7 24. Rfe1 Qe7 25. e5 Nxe5 26. Rxe5 dxe5 27. d6 Qd8 28. Nxg5 Qxg5 0-1

[Event "BCF-chT2a 1213 (4NCL)"]
[Site "England"]
[Date "2013.03.23"]
[Round "7.13"]
[White "Rutter, Nicholas J"]
[Black "Schmidt, Jan Peter"]
[Result "0-1"]
[WhiteElo "2193"]
[BlackElo "2269"]
[PlyCount "76"]
[EventDate "2012.11.03"]
[EventType "team-tourn"]
[EventRounds "7"]
[EventCountry "ENG"]
[SourceTitle "EXT 2014"]
[Source "ChessBase"]
[SourceDate "2013.11.20"]
[SourceVersion "1"]
[SourceVersionDate "2013.11.20"]
[SourceQuality "1"]
[WhiteTeam "Wessex"]
[BlackTeam "Oxford"]
[WhiteTeamCountry "ENG"]
[BlackTeamCountry "ENG"]

1. e4 d6 2. d4 Nf6 3. Nc3 g6 4. f4 Bg7 5. Nf3 0-0 6. Be3 b6 7. Qd2 Bb7 8. e5 Ng4 9. 0-0-0 c5 10. dxc5 bxc5 11. Bxc5 Nd7 12. Bd4 dxe5 13. Bg1 Nb6 14. Qe1 Qb8 15. Nxe5 Nxe5 16. fxe5 Qxe5 17. Qxe5 Bxe5 18. Bd4 Bf4+ 19. Kb1 Rfd8 20. h4 e5 21. Bxb6 axb6 22. Rh3 Rxd1+ 23. Nxd1 Rd8 24. Nc3 Rd2 25. a4 e4 26. Bc4 e3 27. Rh1 Bxg2 28. Rg1 Bf3 29. Rf1 Rf2 30. Rxf2 exf2 31. Bf1 f6 32. b4 Bd6 33. b5 g5 34. Ne2 g4 35. Nd4 Be4 36. Ne2 f5 37. Kc1 f4 38. Nc3 Bf3 0-1

[Event "Wroclaw WSB IM"]
[Site "Wroclaw"]
[Date "2010.09.22"]
[Round "7"]
[White "Schmidt, Jan Peter"]
[Black "Hirneise, Jens"]
[Result "0-1"]
[WhiteElo "2297"]
[BlackElo "2280"]
[PlyCount "76"]
[EventDate "2010.09.16"]
[EventType "tourn"]
[EventRounds "9"]
[EventCountry "POL"]
[EventCategory "3"]
[SourceTitle "CBM 138 Extra"]
[Source "ChessBase"]
[SourceDate "2010.10.29"]
[SourceVersion "1"]
[SourceVersionDate "2010.10.29"]
[SourceQuality "1"]

1. c4 c5 2. Nf3 Nf6 3. Nc3 Nc6 4. d4 cxd4 5. Nxd4 e6 6. g3 Qb6 7. Nb3 Ne5 8. e4 Bb4 9. Qe2 Bxc3+ 10. bxc3 d6 11. Ba3 0-0 12. Rd1 Rd8 13. f4 Ng6 14. Bg2 d5 15. c5 Qc7 16. e5 Ne8 17. c4 Ne7 18. 0-0 Qc6 19. Bb4 a5 20. Ba3 Nc7 21. Kh1 Qa4 22. Bc1 Bd7 23. Nd4 Rab8 24. f5 Nxf5 25. Rxf5 exf5 26. cxd5 Nb5 27. Nxb5 Bxb5 28. Qe1 h6 29. e6 fxe6 30. Qxe6+ Kh8 31. Rg1 Qg4 32. Bf4 Rbc8 33. h3 Qh5 34. Rb1 Re8 35. Qb6 Bd3 36. Rc1 Be4 37. Qb2 Qxh3+ 38. Kg1 Qh5 0-1

[Event "Wroclaw WSB IM"]
[Site "Wroclaw"]
[Date "2010.09.21"]
[Round "6"]
[White "Stachowiak, Kamil"]
[Black "Schmidt, Jan Peter"]
[Result "1-0"]
[WhiteElo "2402"]
[BlackElo "2297"]
[PlyCount "89"]
[EventDate "2010.09.16"]
[EventType "tourn"]
[EventRounds "9"]
[EventCountry "POL"]
[EventCategory "3"]
[SourceTitle "CBM 138 Extra"]
[Source "ChessBase"]
[SourceDate "2010.10.29"]
[SourceVersion "1"]
[SourceVersionDate "2010.10.29"]
[SourceQuality "1"]

1. Nf3 Nf6 2. d4 e6 3. c4 b6 4. g3 Ba6 5. b3 Bb4+ 6. Bd2 Be7 7. Bg2 c6 8. Bc3 d5 9. Ne5 Nfd7 10. Nxd7 Nxd7 11. Nd2 0-0 12. 0-0 Nf6 13. e4 dxe4 14. Nxe4 b5 15. Nd2 Rc8 16. Re1 c5 17. dxc5 Bxc5 18. b4 Bd4 19. Bxd4 Qxd4 20. cxb5 Bxb5 21. a4 Bc6 22. Bxc6 Rxc6 23. b5 Rc3 24. Ne4 Rd3 25. Nxf6+ gxf6 26. Qe2 Rd2 27. Qf3 Rc8 28. Rad1 Rxd1 29. Qxd1 Qxd1 30. Rxd1 Rc4 31. a5 Ra4 32. a6 Rb4 33. Rd8+ Kg7 34. Rb8 Ra4 35. Rb7 Ra5 36. Kf1 f5 37. Ke2 e5 38. Kd3 e4+ 39. Kc4 Ra2 40. Rxa7 Rxf2 41. b6 Rb2 42. b7 e3 43. Ra8 e2 44. Re8 Rb6 45. Rxe2 1-0

[Event "Hamburg St Pauli op-A"]
[Site "Hamburg"]
[Date "2010.07.16"]
[Round "7"]
[White "Schmidt, Jan Peter"]
[Black "Zimmermann, Julian"]
[Result "1/2-1/2"]
[WhiteElo "2243"]
[BlackElo "2291"]
[PlyCount "21"]
[EventDate "2010.07.10"]
[EventType "swiss"]
[EventRounds "9"]
[EventCountry "GER"]
[SourceTitle "EXT 2013"]
[Source "ChessBase"]
[SourceDate "2012.11.22"]
[SourceVersion "1"]
[SourceVersionDate "2012.11.22"]
[SourceQuality "1"]

1. Nf3 Nf6 2. c4 g6 3. b3 Bg7 4. Bb2 0-0 5. g3 b6 6. Bg2 Bb7 7. d4 c5 8. 0-0 cxd4 9. Qxd4 Nc6 10. Qd1 d5 11. cxd5 1/2-1/2

[Event "Hamburg St Pauli op-A"]
[Site "Hamburg"]
[Date "2010.07.14"]
[Round "6"]
[White "Huschenbeth, Niclas"]
[Black "Schmidt, Jan Peter"]
[Result "1-0"]
[WhiteElo "2457"]
[BlackElo "2243"]
[PlyCount "93"]
[EventDate "2010.07.10"]
[EventType "swiss"]
[EventRounds "9"]
[EventCountry "GER"]
[SourceTitle "EXT 2013"]
[Source "ChessBase"]
[SourceDate "2012.11.22"]
[SourceVersion "1"]
[SourceVersionDate "2012.11.22"]
[SourceQuality "1"]

1. e4 d6 2. d4 Nf6 3. Nc3 g6 4. f4 Bg7 5. Nf3 0-0 6. Bd3 Na6 7. 0-0 c5 8. d5 Bg4 9. Bc4 Nc7 10. h3 Bxf3 11. Qxf3 a6 12. a4 b6 13. Be3 Rb8 14. Be2 b5 15. axb5 axb5 16. Ra7 b4 17. Nb1 Ra8 18. Rxa8 Qxa8 19. Nd2 Nd7 20. Nc4 Nb5 21. e5 dxe5 22. fxe5 Qb8 23. Bf4 Nd4 24. Qe4 f5 25. exf6 Nxf6 26. Bxb8 Nxe4 27. Rxf8+ Kxf8 28. Bd3 Nf6 29. Nb6 Nf5 30. Kf2 Nd6 31. Kf3 Ke8 32. Bc7 Kf7 33. b3 Nfe8 34. Bb8 Bd4 35. Kf4 Nf6 36. g4 Ke8 37. Bc7 Nd7 38. Nc4 Nxc4 39. Bxc4 Kf8 40. g5 Kg7 41. Bb5 Nf8 42. Be5+ Bxe5+ 43. Kxe5 Kf7 44. d6 e6 45. h4 h6 46. gxh6 Nh7 47. Bc4 1-0

[Event "Hamburg St Pauli op-A"]
[Site "Hamburg"]
[Date "2010.07.13"]
[Round "4"]
[White "Schmidt, Jan Peter"]
[Black "Melamed, Tatiana"]
[Result "1-0"]
[WhiteElo "2243"]
[BlackElo "2349"]
[PlyCount "73"]
[EventDate "2010.07.10"]
[EventType "swiss"]
[EventRounds "9"]
[EventCountry "GER"]
[SourceTitle "EXT 2013"]
[Source "ChessBase"]
[SourceDate "2012.11.22"]
[SourceVersion "1"]
[SourceVersionDate "2012.11.22"]
[SourceQuality "1"]

1. Nf3 Nf6 2. c4 g6 3. g3 Bg7 4. Bg2 0-0 5. d4 d6 6. Nc3 Nc6 7. 0-0 a6 8. Re1 Re8 9. h3 Bd7 10. e4 e5 11. Be3 exd4 12. Nxd4 Qc8 13. g4 h5 14. g5 Nh7 15. Nxc6 bxc6 16. Kh2 Rb8 17. Qd2 Qd8 18. Rad1 Qe7 19. f4 Be6 20. b3 f6 21. gxf6 Nxf6 22. Qc2 Qf7 23. Rf1 Rbd8 24. Rde1 d5 25. cxd5 cxd5 26. e5 d4 27. exf6 Bxf6 28. Ne4 dxe3 29. Rxe3 Bd4 30. Ng5 Bf5 31. Qc6 Qd7 32. Rxe8+ Rxe8 33. Qc4+ Kg7 34. Bc6 Bd3 35. Bxd7 Re2+ 36. Kg3 Bxc4 37. bxc4 1-0

[Event "Hamburg St Pauli op-A"]
[Site "Hamburg"]
[Date "2010.07.11"]
[Round "2"]
[White "Schmidt, Jan Peter"]
[Black "Hedayat Nassab, Djamschid"]
[Result "1-0"]
[WhiteElo "2243"]
[BlackElo "2111"]
[PlyCount "121"]
[EventDate "2010.07.10"]
[EventType "swiss"]
[EventRounds "9"]
[EventCountry "GER"]
[SourceTitle "EXT 2013"]
[Source "ChessBase"]
[SourceDate "2012.11.22"]
[SourceVersion "1"]
[SourceVersionDate "2012.11.22"]
[SourceQuality "1"]

1. Nf3 d5 2. c4 c6 3. e3 Nf6 4. Nc3 e6 5. b3 Bd6 6. Bb2 0-0 7. Qc2 a5 8. d4 Nbd7 9. Bd3 dxc4 10. bxc4 e5 11. 0-0 exd4 12. exd4 Re8 13. Rad1 Nf8 14. Ne5 Qc7 15. f4 Ne6 16. Ne4 Nxe4 17. Bxe4 Nf8 18. c5 Bxe5 19. dxe5 Be6 20. a4 b5 21. Rd6 Bc4 22. Rfd1 Ra6 23. axb5 Bxb5 24. f5 Ra7 25. e6 Qe7 26. Qb3 fxe6 27. fxe6 a4 28. Qh3 Qg5 29. Bf5 a3 30. Ba1 h6 31. Rd7 Re7 32. Rd8 Be2 33. R1d2 Bh5 34. Qd3 Be8 35. Qe4 a2 36. h4 Qg3 37. R8d3 Qc7 38. Rd1 Rb7 39. Rf3 Nd7 40. exd7 Rxe4 41. d8Q Re1+ 42. Rf1 Rxf1+ 43. Kxf1 Qf4+ 44. Kg1 Qxf5 45. Qxe8+ Kh7 46. Qe5 Qxe5 47. Bxe5 Rb1 48. Rf1 Kg6 49. g3 h5 50. Kg2 Rb5 51. Bd4 Rb4 52. Ba1 Rb1 53. Kf2 Rb5 54. Bd4 Rb4 55. Ke3 Rb3+ 56. Ke2 Rxg3 57. Ra1 Rg4 58. Bf2 Ra4 59. Kd2 Kf5 60. Kc3 Rf4 61. Rxa2 1-0

[Event "BL2-Nord 0910"]
[Site "Germany"]
[Date "2010.04.11"]
[Round "9.5"]
[White "Reichmann, Hendrik"]
[Black "Schmidt, Jan Peter"]
[Result "1-0"]
[WhiteElo "2310"]
[BlackElo "2301"]
[PlyCount "83"]
[EventDate "2009.10.18"]
[EventType "team-tourn"]
[EventRounds "9"]
[EventCountry "GER"]
[SourceTitle "EXT 2011"]
[Source "ChessBase"]
[SourceDate "2010.11.26"]
[SourceVersion "1"]
[SourceVersionDate "2010.11.26"]
[SourceQuality "1"]
[WhiteTeam "Neukloster"]
[BlackTeam "Koenigsspringer"]
[WhiteTeamCountry "GER"]
[BlackTeamCountry "GER"]

1. d4 Nf6 2. Nc3 g6 3. e4 d6 4. Bg5 Bg7 5. f4 0-0 6. Qd2 c6 7. 0-0-0 b5 8. Bd3 b4 9. Nce2 a5 10. Nf3 d5 11. e5 Ne4 12. Qe3 f5 13. Bh4 Qc7 14. g4 e6 15. gxf5 exf5 16. Rhg1 Na6 17. Bf2 c5 18. dxc5 Naxc5 19. Kb1 Rb8 20. Bxe4 Nxe4 21. Ng5 Qc4 22. Nxe4 dxe4 23. Qb3 Ba6 24. Nd4 Qxb3 25. axb3 Rfc8 26. Be3 Kf7 27. e6+ Kg8 28. Nxf5 Rc7 29. Nxg7 Rxg7 30. Bd4 Re7 31. f5 Be2 32. Bf6 Bxd1 33. Bxe7 Bh5 34. f6 e3 35. f7+ Kg7 36. Rf1 e2 37. Re1 g5 38. Bxg5 Bg4 39. Bf4 Rd8 40. Rxe2 Kf6 41. Bg5+ Kxg5 42. e7 1-0

[Event "BL2-Ost 0708"]
[Site "Germany"]
[Date "2007.12.09"]
[Round "4.4"]
[White "Schmidt, Jan Peter"]
[Black "Loxine, Jakov"]
[Result "1/2-1/2"]
[WhiteElo "2324"]
[BlackElo "2346"]
[PlyCount "54"]
[EventDate "2007.10.21"]
[EventType "team-tourn"]
[EventRounds "9"]
[EventCountry "GER"]
[SourceTitle "EXT 2009"]
[Source "ChessBase"]
[SourceDate "2008.11.26"]
[SourceVersion "1"]
[SourceVersionDate "2008.11.26"]
[SourceQuality "1"]
[WhiteTeam "Schoeneck "]
[BlackTeam "Dresden USV"]
[WhiteTeamCountry "GER"]
[BlackTeamCountry "GER"]

1. Nf3 Nf6 2. c4 g6 3. g3 Bg7 4. Bg2 0-0 5. 0-0 d6 6. Nc3 c5 7. d4 Nc6 8. d5 Na5 9. Nd2 a6 10. a3 Nd7 11. Qc2 Ne5 12. b3 b5 13. cxb5 axb5 14. b4 Nac4 15. bxc5 b4 16. Na4 dxc5 17. axb4 cxb4 18. Nxc4 Nxc4 19. Ra2 Nd6 20. Bd2 Rb8 21. Nc5 Qb6 22. Rb1 Bf5 23. e4 Bd4 24. Rxb4 Qxc5 25. Qxc5 Bxc5 26. Rxb8 Rxb8 27. exf5 Nxf5 1/2-1/2